书目信息 |
| 题名: |
奥米加导航系统
|
|
| 作者: | 邱民 编 | |
| 分册: | ||
| 出版信息: | 北京 人民交通出版社 1978 |
|
| 页数: | 125页 | |
| 开本: | 19cm | |
| 丛书名: | ||
| 单 册: | ||
| 中图分类: | TN96 | |
| 科图分类: | ||
| 主题词: | 奥米加导航 | |
| 电子资源: | ||
| ISBN: | ||
| 000 | 00548nam0 2200217 45 | |
| 001 | 0178001907 | |
| 005 | 20060726102929.43 | |
| 010 | @dCNY0.34 | |
| 091 | @aCN@b15044.5374 | |
| 100 | @a19950728d1978 em y0chiy0121 ea | |
| 101 | 0 | @achi |
| 102 | @aCN@b110000 | |
| 105 | @ay z 000yy | |
| 200 | 10 | @a奥米加导航系统@Aao mi jia dao hang xi tong@f邱民编 |
| 210 | @a北京@c人民交通出版社@d1978 | |
| 215 | @a125页@d19cm | |
| 606 | @a奥米加导航 | |
| 690 | @aTN96@v3 | |
| 701 | 0 | @a邱民@Aqiu min@4编 |
| 801 | 0 | @aCN@bTSSF@c20060726 |
| 905 | @dTN96@e3 | |
| 奥米加导航系统/邱民编.-北京:人民交通出版社,1978 |
| 125页;19cm |
| ISBN :CNY0.34 |
| ● |
| 相关链接 |
|
|
|
|
正题名:奥米加导航系统
索取号:TN96/3
 
预约/预借
| 序号 | 登录号 | 条形码 | 馆藏地/架位号 | 状态 | 备注 |
| 1 | 0009898 | 001327264 | 第二样本阅览室/ [索取号:TN96/3] | 在馆 | |
| 2 | 0438595 | 204385959 | 密集书库/ [索取号:TN96/3] | 在馆 |